Textbook of Clinical Embryology (Record no. 1972)
[ view plain ]
| 000 -LEADER | |
|---|---|
| fixed length control field | 00697nam a22002777a 4500 |
| 001 - CONTROL NUMBER | |
| control field | 1972 |
| 003 - CONTROL NUMBER IDENTIFIER | |
| control field | OSt |
| 005 - DATE AND TIME OF LATEST TRANSACTION | |
| control field | 20260418053849.0 |
| 008 - FIXED-LENGTH DATA ELEMENTS--GENERAL INFORMATION | |
| fixed length control field | 260418b |||||||| |||| 00| 0 eng d |
| 020 ## - INTERNATIONAL STANDARD BOOK NUMBER | |
| International Standard Book Number | 9788131263969 |
| 028 ## - PUBLISHER OR DISTRIBUTOR NUMBER | |
| Source | Ananada Publishers |
| 040 ## - CATALOGING SOURCE | |
| Original cataloging agency | BLA |
| Language of cataloging | ENGLISH |
| Transcribing agency | BLA |
| 082 ## - DEWEY DECIMAL CLASSIFICATION NUMBER | |
| Edition information | 3rd ed. |
| Classification number | 612.64 |
| Item number | SIN/T |
| 100 ## - MAIN ENTRY--PERSONAL NAME | |
| Personal name | Singh, Vishram |
| 245 ## - TITLE STATEMENT | |
| Title | Textbook of Clinical Embryology |
| 250 ## - EDITION STATEMENT | |
| Edition statement | 3rd ed. |
| 260 ## - PUBLICATION, DISTRIBUTION, ETC. | |
| Place of publication, distribution, etc. | New Delhi |
| Name of publisher, distributor, etc. | Elsevier |
| Date of publication, distribution, etc. | 2017 |
| 300 ## - PHYSICAL DESCRIPTION | |
| Dimensions | 22cm |
| Accompanying material | 1cd |
| 500 ## - GENERAL NOTE | |
| General note | Index p.397-404 |
| 504 ## - BIBLIOGRAPHY, ETC. NOTE | |
| Bibliography, etc. note | Bibliography p.373-377 |
| 600 ## - SUBJECT ADDED ENTRY--PERSONAL NAME | |
| Personal name | Sing, Vishram |
| 610 ## - SUBJECT ADDED ENTRY--CORPORATE NAME | |
| Source of heading or term | Anatomy |
| 630 ## - SUBJECT ADDED ENTRY--UNIFORM TITLE | |
| Uniform title | Embryology |
| 700 ## - ADDED ENTRY--PERSONAL NAME | |
| Personal name | singh, Vishram |
| 942 ## - ADDED ENTRY ELEMENTS (KOHA) | |
| Source of classification or shelving scheme | Dewey Decimal Classification |
| Koha item type | Books |
| Edition | 3rd ed. |
| Suppress in OPAC | No |
| Withdrawn status | Lost status | Source of classification or shelving scheme | Damaged status | Not for loan | Collection | Home library | Current library | Shelving location | Date acquired | Total checkouts | Full call number | Barcode | Date last seen | Copy number | Price effective from | Koha item type |
|---|---|---|---|---|---|---|---|---|---|---|---|---|---|---|---|---|
| Dewey Decimal Classification | Added to bundle | Non-fiction | Centerville | Centerville | General stacks | 18/04/2026 | 612.64/SIN/T | CPL26040044 | 18/04/2026 | 10 | 18/04/2026 | Books |